|
|
|
|
| LEADER |
00000cam a2200000 a 4500 |
| 001 |
vtls008389026 |
| 003 |
SK-MaSNL |
| 005 |
20260311130325.0 |
| 008 |
251001s1925 xo f lvgn 000 0 hun |
| 015 |
|
|
|a SNBA19191938-005906
|
| 020 |
|
|
|q (brožované)
|
| 035 |
|
|
|a SK01SNKBIKKM20010081243
|
| 035 |
|
|
|a urn:nbn:sk:snk-am3hyxc
|
| 035 |
|
|
|a E900DA57-1120-4DF0-80CA-4A487DFF3606
|
| 035 |
|
|
|a urn:nbn:sk:snk-am00ddxp
|
| 035 |
|
|
|a SKM000083706
|
| 040 |
|
|
|a SNK
|b slo
|c SNK
|e AACR2
|
| 041 |
0 |
|
|a hun
|
| 043 |
|
|
|a e-cs---
|
| 044 |
|
|
|a xo
|c SK
|
| 072 |
|
7 |
|a 347
|x Súkromné právo
|2 konspekt
|
| 072 |
|
7 |
|a 316.8
|x Manželstvo a rodina. Sexuálne vzťahy
|2 konspekt
|
| 080 |
|
|
|a 347.61/.64
|2 2011
|
| 080 |
|
|
|a 347.62
|2 2001
|
| 080 |
|
|
|a 316.363.5
|2 2011
|
| 080 |
|
|
|a (094.5)
|2 2011
|
| 245 |
0 |
2 |
|a A házasság felbontása (elválás) a Csehszlovák köztársaságban
|b (az 1919. évi május hó 22-én kelt 320. sz. törvény és a régi magyar jog alapján.)
|c kommentárral ellátta: Osváth Gyula
|
| 260 |
|
|
|a Košice
|b Szent Erzsébet
|c 1925
|
| 300 |
|
|
|a 64 strán
|c 24 cm
|
| 504 |
|
|
|a Obsahuje bibliografické odkazy
|
| 648 |
|
7 |
|a 1919
|2 SNKPH
|9 288263
|
| 650 |
0 |
7 |
|a rodinné právo
|2 SNKPH
|9 2246
|
| 650 |
0 |
7 |
|a manželské právo
|2 SNKPH
|9 4617
|
| 650 |
0 |
7 |
|a partnerské rozchody
|2 SNKPH
|9 84880
|
| 651 |
|
7 |
|a Československo
|2 SNKPHgeo
|9 21376
|
| 655 |
|
7 |
|a zákony
|2 SNKPH
|9 70186
|
| 700 |
1 |
|
|a Osváth, Gyula,
|d 1887-1957
|4 cwt
|9 191855
|
| 852 |
|
|
|a Slovenská národná knižnica
|
| 958 |
|
|
|a EUIPO
|
| 958 |
|
|
|a OND
|
| 958 |
|
|
|a TL
|
| 958 |
|
|
|a NB
|
| 958 |
|
|
|a SP
|
| 999 |
|
|
|c 736591
|d 738521
|
| 952 |
|
|
|a SNK
|b SNK
|y PREZ
|7 0
|p 17A0789666
|o snkSC 8292
|i snkKSK 1248/56
|8 3
|0 0
|1 0
|4 0
|d 2019-07-23
|f 1
|l 0
|r 2025-07-09 00:00:00
|w 2026-02-23
|